00410 a2200145 4500003000400000005001700004008004100021020001800062040000900080082001800089100003000107245009000137260002800227300000900255OSt20240801144251.0231018b |||||||| |||| 00| 0 eng d a9789933108515 coclc a492.75bDHA/A aAl-Dayah, Muhammad Rudwan aAL MAKTHABATHUL ARABIYYA VA MINHAJUL BAHTHbArabic Library and Research Methodology / aSyria:bDarfikr,c2019. a328p